000 01492cam a2200373 a 4500
001 sorrowheart00lore
003 CaSfIA
005 20210119083404.0
007 cr||||
008 920916s1993 nyu 000 1 eng
010 _a 92036467
040 _aDLC
_cDLC
_dOCL
_dOCLCQ
_dBAKER
_dBTCTA
_dYDXCP
_dCaSfIA
020 _a0385467818 :
_c$17.00 ($21.00 Can.)
020 _a9780385467810
035 _a(OCoLC)26763886
050 0 0 _aPS3562.O7525
_bS67 1993
082 0 0 _a813/.54
_220
100 1 _aLorens, M. K.
245 1 0 _aSorrowheart /
_h[electronic resource]
_cM.K. Lorens.
250 _a1st ed.
260 _aNew York :
_bDoubleday,
_c1993.
300 _a387 p. ;
_c23 cm.
500 _a"A Perfect crime book."
650 0 _aSherman, Winston Marlowe (Fictitious character)
_vFiction.
655 7 _aMystery fiction.
_2gsafd
856 4 1 _uhttp://www.archive.org/details/sorrowheart00lore
_zFree eBook from the Internet Archive
856 4 2 _uhttp://www.openlibrary.org/books/OL1731905M
_zAdditional information and access via Open Library
029 1 _aYDXCP
_b315551
029 1 _aNZ1
_b4025133
029 1 _aAU@
_b000009430913
942 _cEB
506 _fНеобхідна авторизація на https://archive.org/ (створення облікового запису безкоштовно)
506 _fНеобхідна авторизація на https://openlibrary.org/ (створення облікового запису безкоштовно)
999 _c550717
_d550717